| 000 | 00527nam a2200181Ia 4500 | ||
|---|---|---|---|
| 999 |
_c29003 _d29003 |
||
| 003 | OSt | ||
| 005 | 20210105153055.0 | ||
| 008 | 190216s9999||||xx |||||||||||||| ||und|| | ||
| 020 | _a9788182643864 | ||
| 040 | _coclc | ||
| 082 |
_a894.8128 _bSAT/B |
||
| 100 |
_aSatchidanandan, K _96203 |
||
| 245 | 0 |
_aBrehtinte Kala / _cK Satchidanandan |
|
| 260 |
_bMathrubhumi Printing & publishing, _aKozhikode: _c2006. |
||
| 300 | _a180p | ||
| 650 | _aPadanam | ||
| 942 |
_cBK _2ddc _h894.8128 _iSAT/B _k894.8128 _mSAT/B |
||